Tecnología y seguridad de procesos /

Detalles Bibliográficos
Otros Autores: Leon-Pulido, Jeffrey (Editor), Figueroa-Hernández, Diana Paola (Editor), Torres-Bahamón, Hugo (Editor)
Formato: Electrónico eBook
Lenguaje:español
Publicado: Bogotá D.C., Colombia : Universidad EAN, 2025.
Edición:Primera edición.
Colección:Libro de resúmenes (Universidad EAN)
Materias:
Acceso en línea:Digitalia Hispánica

MARC

LEADER 00000nam a2200000Ii 4500
001 DIGUEAN0036
003 NyNyDIG
006 m o d
007 cr |||||||||||
008 250614s2025 ck ob 000 0 spa d
035 |a (OCoLC)1525188084 
040 |a DGITA  |b eng  |e rda  |e pn  |c DGITA 
020 |a 9789587567274  |q eBook 
024 7 |a https://doi.org/10.57793/9789587567274 
050 1 4 |a TS156.8 ebook 
245 0 0 |a Tecnología y seguridad de procesos /  |c edición y compilación, Jeffrey Leon-Pulido, Diana Paola Figueroa-Hernández, Hugo Torres-Bahamón. 
250 |a Primera edición. 
264 1 |a Bogotá D.C., Colombia :  |b Universidad EAN,  |c 2025. 
300 |a 1 online resource. 
336 |a text  |b txt  |2 rdacontent 
337 |a computer  |b c  |2 rdamedia 
338 |a online resource  |b cr  |2 rdacarrier 
347 |a text file  |2 rdaft 
347 |b PDF 
490 1 |a Libro de resúmenes 
504 |a Includes bibliographical references. 
588 0 |a Online resource; title from PDF title page (Digitalia, viewed June 14, 2025) 
650 0 |a Process control. 
650 0 |a Risk assessment. 
650 0 |a Industrial safety. 
700 1 |a Leon-Pulido, Jeffrey,  |e editor. 
700 1 |a Figueroa-Hernández, Diana Paola,  |e editor. 
700 1 |a Torres-Bahamón, Hugo,  |e editor. 
791 2 |a Digitalia (Firm),  |e distributor. 
793 0 |g Digitalia eBook Collection:  |a Universidad EAN 
830 0 |a Libro de resúmenes (Universidad EAN) 
856 4 0 |3 Digitalia Hispánica  |u https://www.digitaliapublishing.com/a/174793/ 
910 |a Premium collection: 2025